| 000 | 02615nam0a2200457 4500 | ||
|---|---|---|---|
| 001 | RU\NLR\bibl\1055151 | ||
| 005 | 20260406065812.0 | ||
| 010 |
_a5-209-01890-3 _9500 |
||
| 021 |
_aRU _b2007-1997 _994 |
||
| 035 | _a(nilc)RSL-KNO-003028787 | ||
| 035 | _a(NLR Aleph) 001042447 | ||
| 090 |
_a827234 _c827234 |
||
| 100 | _a20070206d2006 |||y0rusy50 ca | ||
| 101 | 0 | _arus | |
| 102 | _aRU | ||
| 105 | _aa zzzz||||| | ||
| 106 | _ar | ||
| 200 | 1 |
_aНациональная экономическая безопасность России: методология управления государственными долгами _eучебное пособие _fА. Е. Воробьев, Т. В. Чекушина |
|
| 210 |
_aМосква _cИзд-во Российского университета дружбы народов _d2006 |
||
| 215 |
_a414, [1] с. _cил. _d22 |
||
| 300 | _aНа 4-й с. обл. авт.: Воробьев А.Е., д.т.н., проф., генерал-лейтенант, Чекушина Т.В., к.т.н. | ||
| 320 | _aБиблиогр.: с. 391-402 | ||
| 606 | 1 |
_aЭкономическая безопасность _jУчебные издания для высших учебных заведений _yРоссийская Федерация _92085187 _3RU\NLR\auth\661261300 |
|
| 606 | 1 |
_aГосударственные долги _jУчебные издания для высших учебных заведений _xУправление _yРоссийская Федерация _92184234 _3RU\NLR\auth\661313297 |
|
| 610 | 0 | _aЭкономика -- Российская Федерация -- Экономическая безопасность -- Учебник для высшей школы | |
| 610 | 0 | _aЭкономика -- Российская Федерация -- Международные кредитные отношения -- Государственный долг -- Учебник для высшей школы | |
| 686 |
_aУ9(2)0-98я73-1 _2rubbk |
||
| 686 |
_aУ9(2)826.411.1я73-1 _2rubbk |
||
| 686 | _aУ9(2)-971(2Р)я73 | ||
| 686 | _aУ58я73 | ||
| 686 | _aУ26(2)8я73 | ||
| 700 | 1 |
_4070 _8rus _7ca _aВоробьев _bА. Е. _cд-р техн. наук _f1961- _gАлександр Егорович _3RU\NLR\auth\7725974 _99019 |
|
| 701 | 1 |
_aЧекушина _bТ. В. _gТатьяна Владимировна _4070 |
|
| 801 | 0 |
_aRU _bРКП _c20070206 _grcr |
|
| 801 | 1 |
_aRU _bРГБ _c20070206 |
|
| 801 | 2 |
_aRU _bNLR _c20070306 _grcr |
|
| 830 | _aАвт. по кн. | ||
| 942 | _cBOOK | ||
| 980 | _aNB | ||